000 00708nam a2200229 a 4500
001 000021395
005 20200930011320.0
008 100907s1999 sp 000 0 spa d
020 _a9706511814
040 _aDO-SdBNP
_bspa
_cBNPHU
082 _axxxx
_bM828c
245 0 0 _aMoralistas castellanos /
_cGuevara ...[et al.]. ; estudio preliminar Ángel del Río.
260 _aMéxico. :
_bConaculta,
_c1999.
300 _axlix, 522 p. ;
_c22 cm.
504 _aIncluye referencias bibliográficas y notas al pie de las páginas
700 1 _aValds
_944652
700 1 _aVives
_944653
700 1 _aSaavedra Fajardo
_944654
700 1 _aGracian
_944655
700 1 _aRío Ángel de
_944656
049 _aBNPD
999 _c20895
_d20895